Letter by letter - Countries #6 - Statistics

General Stats
  • This quiz has been taken 46 times
  • The average score is 29 of 40
Answer Stats
Answer % Correct
B
100%
S
97%
I
95%
U
89%
V
84%
Bu
81%
Ug
81%
Uga
81%
Ugan
81%
Ugand
81%
Uganda
81%
So
78%
Bur
76%
Is
76%
Isr
76%
Burk
73%
Isra
73%
Israe
73%
Israel
73%
Sou
73%
Sout
73%
South
73%
Burki
70%
Burkin
70%
South K
70%
Va
70%
Burkina
68%
South Ko
68%
South Kor
68%
South Kore
68%
South Korea
65%
Van
65%
Vanu
65%
Vanua
65%
Burkina F
62%
Vanuat
62%
Vanuatu
62%
Burkina Fa
59%
Burkina Fas
59%
Burkina Faso
59%
No matching quizzes found
Score Distribution
Percent of People with Each Score
Percentile by Number Answered
Your Score History
You have not taken this quiz